[Event "38th Reykjavik op"]
[Site "Reykjavik ISL"]
[Date "2025.04.10"]
[Round "3.118"]
[White "Heppert, Lars"]
[Black "Buijs, Gerard"]
[WhiteElo "1949"]
[BlackElo "1774"]
[Result "1-0"]
[EventDate "2025.04.09"]
[PlyCount "125"]

1. c4 e5 2. Nc3 Nf6 3. Nf3 d6 4. g3 c6 5. d3 Be7 6. Bg2 O-O 7. O-O Ne8 8. e4 f5
9. exf5 Bxf5 10. c5 d5 11. Nxe5 Bxc5 12. d4 Bd6 13. f4 Nd7 14. h3 Nef6 15. g4
Be6 16. f5 Bf7 17. Bf4 Qc7 18. g5 Ne4 19. g6 Nxe5 20. dxe5 Bxe5 21. Bxe5 Qxe5
22. gxf7+ Rxf7 23. Nxe4 dxe4 24. Qb3 Re8 25. Rae1 Qc5+ 26. Kh1 e3 27. Re2 Kf8
28. Qd3 g6 29. f6 Re6 30. Qd8+ Re8 31. Qd1 Re6 32. Qe1 Qd4 33. Rf3 Rfxf6 34.
Rexe3 Rxe3 35. Rxe3 Qxb2 36. Re2 Qb6 37. Re8+ Kg7 38. Re7+ Kg8 39. Qe5 Qb1+ 40.
Kh2 Qf5 41. Qxf5 Rxf5 42. Rxb7 Ra5 43. Rb2 c5 44. Bd5+ Kg7 45. Rb7+ Kh6 46. Bg8
g5 47. Rxh7+ Kg6 48. Rc7 Kh5 49. Rc6 g4 50. Bf7+ Kh4 51. Rh6+ Kg5 52. Rg6+ Kf5
53. hxg4+ Kf4 54. Kh3 Ra3+ 55. Kh4 Rc3 56. Rf6+ Ke5 57. Kg5 Rc2 58. Ra6 c4 59.
Rxa7 c3 60. Rc7 Kd6 61. Rc8 Kd7 62. Rc4 Kd6 63. a4 1-0

[Event "38th Reykjavik op"]
[Site "Reykjavik ISL"]
[Date "2025.04.10"]
[Round "3.119"]
[White "Abramov, Artem"]
[Black "Seum, Ferdinand"]
[WhiteElo "1948"]
[BlackElo "1772"]
[Result "1-0"]
[EventDate "2025.04.09"]
[PlyCount "107"]

1. e4 c6 2. d4 d5 3. Nc3 dxe4 4. Nxe4 Bf5 5. Ng3 Bg6 6. Nh3 e5 7. dxe5 Qxd1+ 8.
Kxd1 Nd7 9. f4 Ne7 10. Bd3 Bxd3 11. cxd3 h5 12. Be3 h4 13. Ne4 Nf5 14. Bf2
O-O-O 15. Nhg5 Nh6 16. Bxh4 Nc5 17. Nxc5 Bxc5 18. Ke2 Nf5 19. Bf2 Bxf2 20. Kxf2
Rxd3 21. Rae1 Nh6 22. h3 f6 23. exf6 gxf6 24. Nf3 Nf5 25. Rd1 Rhd8 26. Rxd3
Rxd3 27. Re1 Rd5 28. g4 Nd6 29. f5 Kd7 30. h4 Rc5 31. Re2 a5 32. h5 Nxf5 33.
Rd2+ Ke7 34. Kg2 Nh6 35. Kh3 b5 36. Nd4 Rc1 37. Nb3 Rh1+ 38. Kg2 Rh4 39. Nxa5
Rxg4+ 40. Kf3 c5 41. Rd5 Rg5 42. Rxg5 fxg5 43. Nb7 c4 44. Nc5 Nf7 45. Ke4 Kd6
46. Kd4 Kc6 47. Ne4 Kb6 48. Kd5 g4 49. Ke6 Nh6 50. Kf6 b4 51. Kg5 g3 52. Nxg3
c3 53. bxc3 bxc3 54. Kxh6 1-0

[Event "38th Reykjavik op"]
[Site "Reykjavik ISL"]
[Date "2025.04.10"]
[Round "3.120"]
[White "Lenz, Joshua"]
[Black "Standal, Egil Arne"]
[WhiteElo "1944"]
[BlackElo "1766"]
[Result "1-0"]
[EventDate "2025.04.09"]
[PlyCount "71"]

1. e4 c6 2. d4 d5 3. exd5 cxd5 4. c4 e6 5. Nc3 Nf6 6. Nf3 Be7 7. cxd5 exd5 8.
h3 O-O 9. Bd3 Re8 10. O-O Nc6 11. Bf4 a6 12. a3 Be6 13. b4 Bd6 14. Bxd6 Qxd6
15. Qd2 b5 16. Rfe1 Rac8 17. Na2 Ne7 18. Nc1 Bf5 19. Nb3 Bxd3 20. Qxd3 Ne4 21.
Nc5 Ng6 22. Nxe4 dxe4 23. Rxe4 Red8 24. Rd1 Nf4 25. Qd2 Nd5 26. Rc1 Qg6 27. Re5
Qd6 28. Rc5 Nb6 29. Qe2 Kf8 30. Rxc8 Rxc8 31. Rc5 Rd8 32. Qe4 Nd5 33. Qxh7 Qf6
34. Qe4 Nf4 35. Rf5 Ne2+ 36. Kf1 1-0

[Event "38th Reykjavik op"]
[Site "Reykjavik ISL"]
[Date "2025.04.10"]
[Round "3.121"]
[White "Soderberg, Kevin"]
[Black "Naga, Laxmi Seelam"]
[WhiteElo "1944"]
[BlackElo "1764"]
[Result "1-0"]
[EventDate "2025.04.09"]
[PlyCount "125"]

1. c4 e5 2. g3 Nf6 3. Bg2 d5 4. cxd5 Nxd5 5. Nc3 Nxc3 6. bxc3 c6 7. Rb1 Bd6 8.
d3 b6 9. Nf3 Bb7 10. Nd2 O-O 11. Nc4 Bc7 12. Na5 bxa5 13. Rxb7 Bb6 14. Ba3 Qc8
15. Rxb8 Rxb8 16. Bxf8 Qxf8 17. O-O Qa3 18. Qa1 Qc5 19. e3 Bc7 20. d4 Qa3 21.
Bxc6 Rb2 22. Bd5 Qxc3 23. Rc1 Qd2 24. Qxb2 Qxb2 25. Rxc7 Kf8 26. Rxf7+ Ke8 27.
dxe5 Qxe5 28. e4 Qd4 29. Kg2 h6 30. h4 g6 31. Rh7 h5 32. Rf7 a4 33. Kf3 a5 34.
Kg2 a3 35. Rc7 Kd8 36. Rb7 Kc8 37. Rf7 Kd8 38. Rf3 Qb2 39. Re3 Ke7 40. Rb3 Kd6
41. Rb7 Qd4 42. Rb8 Qb2 43. Re8 Qg7 44. Ra8 Kc5 45. Rxa5+ Kb4 46. Ra8 Qc7 47.
Rg8 Qd6 48. Rg7 Kc3 49. Rf7 Kd4 50. Rf3 Qe7 51. Rb3 Qd6 52. Rb1 Qa6 53. Rc1 Qe2
54. Rc6 Qg4 55. Ra6 Kd3 56. Rxa3+ Kd4 57. Rf3 g5 58. hxg5 Qxg5 59. Rf4 Qe7 60.
Rh4 Qe8 61. Rf4 Ke5 62. Bf7 Qh8 63. Bxh5 1-0

[Event "38th Reykjavik op"]
[Site "Reykjavik ISL"]
[Date "2025.04.10"]
[Round "3.122"]
[White "Schoffelmeer, Jetse"]
[Black "Donath, Simon"]
[WhiteElo "1939"]
[BlackElo "1761"]
[Result "1/2-1/2"]
[EventDate "2025.04.09"]
[PlyCount "96"]

1. e4 c6 2. Nc3 d5 3. d3 e5 4. f4 exf4 5. Bxf4 Bb4 6. exd5 Qxd5 7. Nf3 Nf6 8.
Be2 Bg4 9. O-O Bxc3 10. bxc3 O-O 11. Qd2 c5 12. h3 Bh5 13. g4 Bg6 14. Ne5 Nc6
15. Bf3 Qe6 16. Nxc6 bxc6 17. c4 Rfe8 18. Rae1 Qd7 19. Kg2 Rad8 20. Qa5 h5 21.
Qxc5 hxg4 22. hxg4 Rxe1 23. Rxe1 Nxg4 24. Bxc6 Qc8 25. Re7 Nf6 26. Rxa7 Qg4+
27. Bg3 Ne4 28. Qe3 Nxg3 29. Qxg3 Qe2+ 30. Qf2 Qg4+ 31. Kh1 Qh5+ 32. Kg1 Qd1+
33. Qf1 Qxc2 34. Be4 Bh5 35. Bd5 Rf8 36. a4 Qd2 37. Rb7 Qe3+ 38. Kh1 Qh6 39.
Kg1 Qe3+ 40. Qf2 Qxd3 41. Rb2 Qd1+ 42. Kg2 Qxa4 43. Qf5 Qd1 44. Kg3 Qg1+ 45.
Rg2 Qe1+ 46. Kh3 Qe3+ 47. Kh4 Bd1 48. Qg6 Qf4+ 1/2-1/2

[Event "38th Reykjavik op"]
[Site "Reykjavik ISL"]
[Date "2025.04.10"]
[Round "3.123"]
[White "Helgadottir, Idunn"]
[Black "Benavente, Christian"]
[WhiteElo "1788"]
[BlackElo "1938"]
[Result "0-1"]
[EventDate "2025.04.09"]
[PlyCount "80"]

1. d4 d5 2. c4 c6 3. Nf3 Nf6 4. Nc3 e6 5. cxd5 exd5 6. Qc2 Bb4 7. Bg5 Nbd7 8.
e3 Qa5 9. Bd3 O-O 10. O-O h6 11. Bh4 Re8 12. a3 Bxc3 13. Qxc3 Qxc3 14. bxc3 Ne4
15. c4 g5 16. Bg3 Nxg3 17. hxg3 dxc4 18. Bxc4 Nb6 19. Ba2 Be6 20. Ne5 Rac8 21.
Nd3 Nd7 22. Rfc1 b6 23. Bxe6 fxe6 24. Rab1 e5 25. Nb4 c5 26. dxc5 Nxc5 27. Rc2
Rcd8 28. Nc6 Rd7 29. Kf1 Re6 30. Nb4 Rf6 31. g4 a5 32. Na2 Ne4 33. Ke1 Rd3 34.
a4 Ra3 35. f3 Rxe3+ 36. Kd1 Rd6+ 37. Kc1 Nc5 38. Nc3 Rdd3 39. Ne4 Re1+ 40. Kb2
Rb3+ 0-1

[Event "38th Reykjavik op"]
[Site "Reykjavik ISL"]
[Date "2025.04.10"]
[Round "3.124"]
[White "Shepherd, Tom"]
[Black "Karlinder, Lovis Neo"]
[WhiteElo "1937"]
[BlackElo "1755"]
[Result "1-0"]
[EventDate "2025.04.09"]
[PlyCount "109"]

1. d4 d5 2. c4 c6 3. Nf3 Nf6 4. cxd5 cxd5 5. Nc3 Nc6 6. Bf4 a6 7. Rc1 Bf5 8. e3
e6 9. Qb3 Bb4 10. Be2 O-O 11. O-O Bxc3 12. Rxc3 Ne4 13. Rcc1 Na5 14. Qb4 Nc6
15. Qxb7 Ne7 16. Qc7 Rc8 17. Qxd8 Rfxd8 18. Bc7 Rd7 19. Ba5 Rb8 20. b3 f6 21.
Nd2 Kf7 22. Nxe4 Bxe4 23. Rc5 Ra7 24. Rfc1 e5 25. f3 Bf5 26. Rc7 Rba8 27. Rxa7
Rxa7 28. Rc7 Rxc7 29. Bxc7 exd4 30. exd4 Bb1 31. a3 Ba2 32. b4 Bc4 33. Kf2 Ke6
34. g4 Nc6 35. Bb6 Bxe2 36. Kxe2 f5 37. Bc5 fxg4 38. fxg4 Kd7 39. Ke3 g5 40.
Kf3 Nd8 41. h4 h6 42. Bf8 Nf7 43. Bxh6 Nxh6 44. hxg5 Ng8 45. Kf4 Ke6 46. g6 Kf6
47. g7 Kxg7 48. Ke5 Ne7 49. Ke6 Kf8 50. Kd7 Kf7 51. a4 Ng6 52. b5 axb5 53. axb5
Ne5+ 54. dxe5 d4 55. e6+ 1-0

[Event "38th Reykjavik op"]
[Site "Reykjavik ISL"]
[Date "2025.04.10"]
[Round "3.125"]
[White "Wahono, Richard"]
[Black "Sonne, Lasse"]
[WhiteElo "1775"]
[BlackElo "1929"]
[Result "1/2-1/2"]
[EventDate "2025.04.09"]
[PlyCount "52"]

1. d4 f5 2. e4 fxe4 3. Nc3 Nf6 4. Bg5 g6 5. d5 c6 6. Bxf6 exf6 7. d6 Qa5 8. Qd4
Qe5 9. Qxe5+ fxe5 10. O-O-O Bh6+ 11. Kb1 e3 12. Bc4 b5 13. Bb3 a5 14. a3 Na6
15. fxe3 Nc5 16. Nf3 Bg7 17. Rhf1 b4 18. Na4 Nxa4 19. Bxa4 Ba6 20. Rfe1 bxa3
21. b3 O-O 22. e4 Rab8 23. Ka2 Rf4 24. c3 Rbf8 25. Rd2 Re8 26. c4 Bh6 1/2-1/2

[Event "38th Reykjavik op"]
[Site "Reykjavik ISL"]
[Date "2025.04.10"]
[Round "3.126"]
[White "Smit, Emeline"]
[Black "Gudjonsson, Anton Vignir"]
[WhiteElo "1926"]
[BlackElo "1750"]
[Result "1-0"]
[EventDate "2025.04.09"]
[PlyCount "71"]

1. e4 c5 2. Nf3 Nc6 3. d4 cxd4 4. Nxd4 e5 5. Nb5 a6 6. Nd6+ Bxd6 7. Qxd6 Qe7 8.
Qxe7+ Ngxe7 9. Nc3 O-O 10. Be3 b5 11. Bc5 Re8 12. O-O-O g6 13. Be2 Kg7 14. h4
d6 15. Rxd6 Be6 16. Rhd1 Na5 17. R6d2 Nb7 18. Bxe7 Rxe7 19. Nd5 Rd7 20. b4 Rad8
21. a4 bxa4 22. Bxa6 f5 23. f3 Bxd5 24. Rxd5 Rxd5 25. exd5 Nd6 26. Be2 Rb8 27.
c3 Kf6 28. Kb2 e4 29. Ka3 exf3 30. gxf3 Ke5 31. c4 Nc8 32. c5 Ne7 33. d6 Nc6
34. b5 Nd4 35. Rxd4 Kxd4 36. c6 1-0

[Event "38th Reykjavik op"]
[Site "Reykjavik ISL"]
[Date "2025.04.10"]
[Round "3.127"]
[White "De Winter, Eric"]
[Black "Tirronen, Esa"]
[WhiteElo "1771"]
[BlackElo "1923"]
[Result "1/2-1/2"]
[EventDate "2025.04.09"]
[PlyCount "43"]

1. c4 Nf6 2. Nf3 e6 3. Nc3 d5 4. d4 c6 5. e3 b6 6. Bd3 Ba6 7. cxd5 Bxd3 8. Qxd3
cxd5 9. O-O Nbd7 10. Bd2 Be7 11. Rac1 a6 12. a3 b5 13. Na2 O-O 14. Nb4 Nb8 15.
Ne5 Bd6 16. Nbc6 Nxc6 17. Nxc6 Qd7 18. Rc2 Rfc8 19. Rfc1 g6 20. Bb4 Bxb4 21.
Nxb4 Rxc2 22. Qxc2 1/2-1/2

[Event "38th Reykjavik op"]
[Site "Reykjavik ISL"]
[Date "2025.04.10"]
[Round "3.128"]
[White "Deelwater, Michael"]
[Black "Baldvinsson, Loftur"]
[WhiteElo "1766"]
[BlackElo "1920"]
[Result "1/2-1/2"]
[EventDate "2025.04.09"]
[PlyCount "42"]

1. e4 e6 2. d4 d5 3. Be3 dxe4 4. Nd2 Nf6 5. f3 Nd5 6. Qe2 Nc6 7. c3 exf3 8.
Ngxf3 Be7 9. h4 Nxe3 10. Qxe3 Qd6 11. O-O-O O-O 12. Bd3 f6 13. g4 e5 14. dxe5
Nxe5 15. Bc2 Qc6 16. Nxe5 fxe5 17. Qxe5 Bd6 18. Qh5 g6 19. Bxg6 hxg6 20. Qxg6+
Kh8 21. Qh6+ Kg8 1/2-1/2

[Event "38th Reykjavik op"]
[Site "Reykjavik ISL"]
[Date "2025.04.10"]
[Round "3.129"]
[White "Hofland, Jeffrey"]
[Black "Winnubst, Paul"]
[WhiteElo "1761"]
[BlackElo "1906"]
[Result "1/2-1/2"]
[EventDate "2025.04.09"]
[PlyCount "51"]

1. e4 e6 2. b3 d5 3. Nc3 Nf6 4. e5 Nfd7 5. f4 c5 6. Nf3 Nc6 7. Bb5 Qb6 8. a4
Be7 9. Qe2 Nd4 10. Nxd4 cxd4 11. a5 Qc7 12. Bxd7+ Bxd7 13. Nb5 Qxc2 14. Nxd4
Qe4 15. Qxe4 dxe4 16. Ba3 Bxa3 17. Rxa3 Ke7 18. Kf2 f5 19. b4 Rac8 20. Rc3 Rxc3
21. dxc3 Rc8 22. Rc1 Bc6 23. Ke3 a6 24. Nb3 Rg8 25. h4 h6 26. Rh1 1/2-1/2

[Event "38th Reykjavik op"]
[Site "Reykjavik ISL"]
[Date "2025.04.10"]
[Round "3.130"]
[White "Coutinho, Joao Manuel Sousa"]
[Black "Zamvar, Vipin"]
[WhiteElo "1903"]
[BlackElo "1733"]
[Result "1-0"]
[EventDate "2025.04.09"]
[PlyCount "103"]

1. e4 c6 2. d4 d5 3. exd5 cxd5 4. Bd3 Nc6 5. c3 Nf6 6. Nf3 Bg4 7. O-O e6 8.
Nbd2 Bd6 9. Re1 O-O 10. Nf1 Qc7 11. Bg5 Be7 12. Bh4 Rac8 13. h3 Bh5 14. Ng3 Bg6
15. Bxg6 hxg6 16. Ne2 Ne4 17. Bxe7 Nxe7 18. Nc1 Nc6 19. Nd3 Nd6 20. Ng5 Nf5 21.
Qg4 Rfe8 22. h4 Qe7 23. g3 Nh6 24. Qf4 Qf6 25. Qd2 Qf5 26. Kg2 e5 27. dxe5 Nxe5
28. Nxe5 Rxe5 29. Rxe5 Qxe5 30. Re1 Qd6 31. Rd1 Rd8 32. Qd4 a6 33. c4 f6 34.
Nh3 Nf5 35. Qxd5+ Qxd5+ 36. Rxd5 Rxd5 37. cxd5 Kf7 38. Kf3 Ke7 39. Ke4 Kd6 40.
Nf4 Ne7 41. g4 f5+ 42. gxf5 gxf5+ 43. Kd4 b5 44. b4 Ng8 45. Ne6 Ne7 46. Nxg7
Nxd5 47. Nxf5+ Ke6 48. Ng7+ Kd6 49. a3 Nf6 50. h5 Ng4 51. f3 Nf6 52. h6 1-0

[Event "38th Reykjavik op"]
[Site "Reykjavik ISL"]
[Date "2025.04.10"]
[Round "3.131"]
[White "Fridthjofsdottir, Sigurl. Regina"]
[Black "Wedin, Svante"]
[WhiteElo "1743"]
[BlackElo "1902"]
[Result "1-0"]
[EventDate "2025.04.09"]
[PlyCount "79"]

1. e4 c5 2. Nc3 e6 3. f4 d5 4. Nf3 Nc6 5. e5 Nh6 6. Bb5 Bd7 7. Bxc6 Bxc6 8. O-O
d4 9. Ne2 Nf5 10. Ng3 Nxg3 11. hxg3 Be7 12. d3 h5 13. Kf2 Qd7 14. Rh1 O-O-O 15.
Nh4 Rdg8 16. Nf3 f6 17. Qe2 Qd5 18. Bd2 Bd8 19. b3 g5 20. Rae1 g4 21. Nh4 fxe5
22. Qxe5 Bxh4 23. Qxd5 Bxg3+ 24. Kxg3 Bxd5 25. Rh4 Rf8 26. Reh1 e5 27. fxe5 Bf7
28. Bg5 Kd7 29. Bf6 Rhg8 30. Rf1 Bg6 31. Rhh1 Ke6 32. Rf4 Kd5 33. Rhf1 Re8 34.
Re1 Re6 35. Rf2 b5 36. Rd2 Rc8 37. Red1 Rcc6 38. Rf1 Ra6 39. Kh4 Rxa2 40. c4+
1-0

[Event "38th Reykjavik op"]
[Site "Reykjavik ISL"]
[Date "2025.04.10"]
[Round "3.132"]
[White "Bjarnason, Snorri Vikanes"]
[Black "Aeschbacher, Gregoire"]
[WhiteElo "1901"]
[BlackElo "1717"]
[Result "1-0"]
[EventDate "2025.04.09"]
[PlyCount "73"]

1. c4 e5 2. g3 Nf6 3. Bg2 c6 4. Nf3 Bd6 5. d4 Bb4+ 6. Bd2 Bxd2+ 7. Qxd2 e4 8.
Ng5 d5 9. Nc3 Bf5 10. Qf4 Qd7 11. Qe5+ Be6 12. Bh3 Ke7 13. Nxe6 fxe6 14. cxd5
cxd5 15. O-O Re8 16. f3 exf3 17. Rxf3 Nc6 18. Qg5 Kd8 19. Qd2 a6 20. Na4 Ne4
21. Qd1 Kc7 22. Qb3 b5 23. Nc5 Nxc5 24. dxc5 Nd4 25. Qe3 Nxf3+ 26. exf3 Kc6 27.
b4 Re7 28. f4 g6 29. a4 Kb7 30. Rc1 Qc6 31. Bf1 Kc7 32. Qe5+ Kd7 33. axb5 axb5
34. Bd3 Ree8 35. Ra1 Rxa1+ 36. Qxa1 Kc7 37. Qa5+ 1-0

[Event "38th Reykjavik op"]
[Site "Reykjavik ISL"]
[Date "2025.04.10"]
[Round "3.133"]
[White "James, Chris"]
[Black "Sharf, Sam"]
[WhiteElo "1895"]
[BlackElo "1702"]
[Result "1-0"]
[EventDate "2025.04.09"]
[PlyCount "77"]

1. e4 c5 2. Nf3 d6 3. Bc4 Nf6 4. Nc3 a6 5. d4 cxd4 6. Qxd4 e6 7. Bf4 Nc6 8. Qd3
Na5 9. Rd1 Be7 10. Bb3 Nxb3 11. axb3 O-O 12. Bxd6 Bxd6 13. Qxd6 Qa5 14. O-O Qh5
15. h3 Qg6 16. Ne5 Qh5 17. Kh2 b5 18. Rfe1 Bb7 19. f3 Qg5 20. Ne2 Nh5 21. g4
Rad8 22. Nd7 Nf6 23. Qe5 Qh4 24. Nxf6+ gxf6 25. Qg3 Qh6 26. Qf4 Qh4 27. Ng3 Kh8
28. Qc7 f5 29. Rxd8 Rxd8 30. Re2 fxe4 31. fxe4 Bc8 32. Nh5 Qg5 33. Qxf7 Qe5+
34. Kg2 Qg5 35. Rf2 Qh6 36. Qe7 Rg8 37. Nf6 Qg7 38. Nxg8 Qe5 39. Nf6 1-0

[Event "38th Reykjavik op"]
[Site "Reykjavik ISL"]
[Date "2025.04.10"]
[Round "3.134"]
[White "Gulyas, Adam Ferenc"]
[Black "Tinkler, Paul"]
[WhiteElo "1722"]
[BlackElo "1894"]
[Result "0-1"]
[EventDate "2025.04.09"]
[PlyCount "48"]

1. e4 e6 2. d4 d5 3. Nc3 Bb4 4. e5 Qd7 5. Qg4 f5 6. Qd1 b6 7. a3 Bxc3+ 8. bxc3
Ba6 9. Bd3 Bxd3 10. cxd3 Nc6 11. Nf3 Nge7 12. a4 h6 13. h4 Na5 14. Be3 Nec6 15.
Rc1 Rd8 16. O-O O-O 17. Qd2 Nb3 18. Qc2 Nxc1 19. Qxc1 Rde8 20. c4 dxc4 21. dxc4
f4 22. Bxf4 Nxd4 23. Nxd4 Qxd4 24. Rd1 Qxf4 0-1

[Event "38th Reykjavik op"]
[Site "Reykjavik ISL"]
[Date "2025.04.10"]
[Round "3.135"]
[White "Brynjarsson, Oervar Holm"]
[Black "Stolyarov, Alan"]
[WhiteElo "1717"]
[BlackElo "1889"]
[Result "0-1"]
[EventDate "2025.04.09"]
[PlyCount "38"]

1. e4 c5 2. Nf3 d6 3. d4 cxd4 4. Nxd4 Nf6 5. Nc3 a6 6. h3 e5 7. Nf3 Be7 8. Be3
Qc7 9. g4 h6 10. Bg2 b5 11. Qd2 Bb7 12. Nh4 b4 13. Ne2 Nxe4 14. Qxb4 d5 15. Qb3
Bxh4 16. O-O-O Qc6 17. Bxe4 dxe4 18. Bc5 Qxc5 19. Qxb7 Qc6 0-1

[Event "38th Reykjavik op"]
[Site "Reykjavik ISL"]
[Date "2025.04.10"]
[Round "3.136"]
[White "Eliasson, Kristjan Oern"]
[Black "Bourassa, Louis"]
[WhiteElo "1889"]
[BlackElo "1688"]
[Result "1-0"]
[EventDate "2025.04.09"]
[PlyCount "69"]

1. d4 e6 2. Nc3 f5 3. Bf4 Nf6 4. Nb5 d6 5. e3 Be7 6. h4 Bd7 7. Nf3 Ne4 8. Ng5
Nxg5 9. hxg5 Bxb5 10. Bxb5+ c6 11. Bd3 g6 12. Bc4 d5 13. Be5 Kf7 14. Bxh8 Qxh8
15. Bd3 Bxg5 16. f4 Be7 17. g4 Nd7 18. gxf5 exf5 19. Qf3 Nf6 20. O-O-O Ne4 21.
Rh2 Qg7 22. Rg1 Rh8 23. c4 h6 24. Bxe4 dxe4 25. Qf1 Ke6 26. d5+ cxd5 27. cxd5+
Kf7 28. Qc4 Bd6 29. Rhg2 g5 30. fxg5 h5 31. g6+ Ke7 32. Kb1 b6 33. Qc6 Rd8 34.
Rg5 f4 35. Rf5 1-0

[Event "38th Reykjavik op"]
[Site "Reykjavik ISL"]
[Date "2025.04.10"]
[Round "3.137"]
[White "Fjeldsted, Andres"]
[Black "Rosario Almanzar, Raydily"]
[WhiteElo "1704"]
[BlackElo "1888"]
[Result "0-1"]
[EventDate "2025.04.09"]
[PlyCount "74"]

1. e4 c5 2. Nc3 Nc6 3. f4 d6 4. d3 Nf6 5. Be2 g6 6. Nf3 Bg7 7. Be3 a6 8. h3 h5
9. Qd2 b5 10. O-O-O b4 11. Nd5 Qa5 12. Kb1 Be6 13. c4 bxc3 14. Qxc3 Bxd5 15.
Qxa5 Nxa5 16. exd5 Nxd5 17. Bd2 Nc6 18. Ng5 Nd4 19. Rhe1 Nxe2 20. Rxe2 Rb8 21.
b3 O-O 22. g4 Bc3 23. Rg1 Bxd2 24. Rxd2 Nxf4 25. gxh5 Nxh5 26. Rf2 a5 27. Re1
Rb7 28. Re4 Nf6 29. Rc4 Ra8 30. Kc2 Nd5 31. Kd2 f6 32. Ne6 Rb4 33. Nf4 Nxf4 34.
Rfxf4 d5 35. Rxb4 axb4 36. Rg4 Rxa2+ 37. Ke3 Kf7 0-1

[Event "38th Reykjavik op"]
[Site "Reykjavik ISL"]
[Date "2025.04.10"]
[Round "3.138"]
[White "Noer, Andreas"]
[Black "Hallmundarson, Birkir"]
[WhiteElo "1701"]
[BlackElo "1882"]
[Result "0-1"]
[EventDate "2025.04.09"]
[PlyCount "126"]

1. c4 Nf6 2. g3 c5 3. Bg2 Nc6 4. Nc3 g6 5. Nf3 Bg7 6. d4 cxd4 7. Nxd4 O-O 8.
O-O a6 9. c5 e5 10. Nb3 b6 11. cxb6 Qxb6 12. Be3 Qc7 13. Rc1 Rb8 14. Bc5 Rd8
15. Bd6 Qb6 16. Bxb8 Nxb8 17. Nd5 Nxd5 18. Bxd5 Bb7 19. Bxb7 Qxb7 20. Rc2 Nc6
21. Qd5 Qb8 22. a3 Bf8 23. e3 Ne7 24. Qd3 e4 25. Qxe4 Qxb3 26. Rd1 Rc8 27. Rcd2
d5 28. Qe5 Rc5 29. Rd3 Qb7 30. b4 Rc4 31. Qd6 h5 32. h4 Qb5 33. Qd8 Qc6 34. Qa5
Rc2 35. a4 Ra2 36. b5 Qc2 37. R3d2 Qxa4 38. Rxa2 Qxd1+ 39. Kg2 axb5 40. Qxb5
Nf5 41. Ra8 Qc2 42. Qb4 Qe4+ 43. Qxe4 dxe4 44. Kf1 Kg7 45. Re8 Nd6 46. Rd8 Be7
47. Rd7 Kf6 48. Ke2 Ke6 49. Ra7 Bf6 50. Ra5 Be5 51. Kf1 Kf5 52. Kg2 Nc4 53. Rc5
Nb2 54. Rc1 Nd3 55. Rb1 Kg4 56. Rg1 Bc3 57. Rf1 Ne1+ 58. Kh2 Kf3 59. Kh3 Ke2
60. Rh1 Kxf2 61. g4 hxg4+ 62. Kxg4 Kg2 63. Rh3 f5+ 0-1

[Event "38th Reykjavik op"]
[Site "Reykjavik ISL"]
[Date "2025.04.10"]
[Round "3.139"]
[White "Roth,Jonas"]
[Black "Storsanden, Aksel Larsen"]
[WhiteElo "1881"]
[BlackElo "1676"]
[Result "1-0"]
[EventDate "2025.04.09"]
[PlyCount "57"]

1. d4 d5 2. Bf4 Nf6 3. Nf3 e6 4. e3 Bd6 5. Bg3 O-O 6. Nbd2 c5 7. c3 Qc7 8. Bd3
Nbd7 9. Qe2 e5 10. dxe5 Nxe5 11. Nxe5 Bxe5 12. Nf3 Bd6 13. Rd1 Re8 14. Bh4 Ne4
15. Bb5 Bd7 16. Bxd7 Qxd7 17. Rxd5 Qe6 18. c4 Be7 19. Re5 Qxe5 20. Nxe5 Bxh4
21. Nd3 Rad8 22. O-O b6 23. f3 Nd6 24. b3 Bf6 25. e4 Bd4+ 26. Kh1 Nf5 27. Nf4
Rd6 28. g4 Be5 29. exf5 1-0

[Event "38th Reykjavik op"]
[Site "Reykjavik ISL"]
[Date "2025.04.10"]
[Round "3.140"]
[White "Wittkowski, Ralf"]
[Black "Toth, Kincso"]
[WhiteElo "1701"]
[BlackElo "1881"]
[Result "0-1"]
[EventDate "2025.04.09"]
[PlyCount "84"]

1. e4 d6 2. d4 Nf6 3. Nc3 Nbd7 4. h3 e5 5. Be3 Be7 6. Qd2 c6 7. Bd3 a6 8. f4
Qc7 9. f5 exd4 10. Bxd4 c5 11. Be3 b5 12. Nf3 Bb7 13. g4 b4 14. Na4 Nxe4 15.
Bxe4 Bxe4 16. O-O Bxf3 17. Rxf3 Qc6 18. Raf1 Qxa4 19. Qd5 Rc8 20. g5 Qc6 21.
Qd2 f6 22. g6 hxg6 23. fxg6 Ne5 24. Rg3 Kd7 25. Qf2 Kc7 26. a3 a5 27. axb4 axb4
28. b3 d5 29. Bf4 Bd6 30. Ra1 Ra8 31. Qf1 Rxa1 32. Qxa1 Ra8 33. Qd1 d4 34. Bd2
Qe4 35. Kf2 Ra2 36. Kf1 Qxc2 37. Qxc2 Rxc2 38. Ke1 Kc6 39. h4 Ra2 40. Rh3 Nxg6
41. h5 Nf4 42. Rh2 Nd3+ 0-1

[Event "38th Reykjavik op"]
[Site "Reykjavik ISL"]
[Date "2025.04.10"]
[Round "3.141"]
[White "Hardwick, Hugo"]
[Black "Seshadri,Sridhar"]
[WhiteElo "1873"]
[BlackElo "1623"]
[Result "1/2-1/2"]
[EventDate "2025.04.09"]
[PlyCount "69"]

1. e4 c6 2. d4 d5 3. Nc3 e6 4. e5 Ne7 5. Bd3 a6 6. a4 c5 7. dxc5 Nec6 8. Nf3
Bxc5 9. O-O Nd7 10. Bf4 h6 11. Bg3 b6 12. Re1 Nb4 13. Na2 Nxd3 14. Qxd3 a5 15.
c3 Ba6 16. Qd2 Be7 17. b4 axb4 18. cxb4 Bc4 19. Nc1 O-O 20. Nd4 Nb8 21. Nd3
Bxd3 22. Qxd3 Bxb4 23. Rec1 Bc5 24. Nb3 Nd7 25. a5 Qg5 26. Qb5 Nxe5 27. Nxc5
Rxa5 28. Qxb6 Nc4 29. Qb4 Rfa8 30. Rab1 Na3 31. f4 Qf5 32. Ra1 Nc2 33. Rxa5
Nxb4 34. Rxa8+ Kh7 35. Ra4 1/2-1/2

[Event "38th Reykjavik op"]
[Site "Reykjavik ISL"]
[Date "2025.04.10"]
[Round "3.142"]
[White "Hermannsson, Sigurbjorn"]
[Black "Balyan, Vardan"]
[WhiteElo "1870"]
[BlackElo "1621"]
[Result "1-0"]
[EventDate "2025.04.09"]
[PlyCount "53"]

1. e4 c6 2. d4 d5 3. e5 Bf5 4. Nf3 e6 5. Be2 h5 6. O-O Nh6 7. Re1 Be7 8. Nbd2
h4 9. Nf1 Bg6 10. Bxh6 Rxh6 11. Qd2 h3 12. g4 Be4 13. Ng3 Rg6 14. Kh1 Rxg4 15.
Nxe4 Rxe4 16. Bd3 Rxe1+ 17. Rxe1 Nd7 18. Rg1 Bf8 19. Ng5 Qe7 20. Qf4 f5 21.
exf6 gxf6 22. Bg6+ Kd8 23. Nf7+ Kc8 24. Re1 e5 25. dxe5 fxe5 26. Nxe5 Bg7 27.
Nd3 1-0

[Event "38th Reykjavik op"]
[Site "Reykjavik ISL"]
[Date "2025.04.10"]
[Round "3.143"]
[White "Briem, Gudrun Fanney"]
[Black "Ernisson, Petur Ulfar"]
[WhiteElo "1863"]
[BlackElo "1602"]
[Result "1-0"]
[EventDate "2025.04.09"]
[PlyCount "75"]

1. e4 e5 2. Nf3 Nc6 3. Bc4 Bc5 4. c3 Nf6 5. d4 exd4 6. cxd4 Bb4+ 7. Nbd2 Bxd2+
8. Bxd2 Nxe4 9. d5 Ne7 10. O-O O-O 11. Re1 Nf6 12. d6 Ng6 13. Bb4 c6 14. a4 b5
15. axb5 cxb5 16. Ba5 bxc4 17. Bxd8 Rxd8 18. Ne5 Nxe5 19. Rxe5 Bb7 20. Qd4 Re8
21. Rxe8+ Rxe8 22. h3 h6 23. Qxc4 Rc8 24. Qb4 Bc6 25. Rxa7 Nd5 26. Qd2 Re8 27.
Ra5 Nb6 28. Qb4 Nd5 29. Qd4 Nf6 30. Re5 Rc8 31. b4 Rb8 32. f3 Nh7 33. Qc4 Rc8
34. Rc5 Ra8 35. b5 Ra1+ 36. Kh2 Ba8 37. Rc8+ Nf8 38. Rxf8+ 1-0

[Event "38th Reykjavik op"]
[Site "Reykjavik ISL"]
[Date "2025.04.10"]
[Round "3.144"]
[White "Nergard, Ole-Kristian"]
[Black "Eustratiadis, Panagiotis"]
[WhiteElo "1863"]
[BlackElo "1579"]
[Result "1/2-1/2"]
[EventDate "2025.04.09"]
[PlyCount "103"]

1. c4 g6 2. g3 Bg7 3. Bg2 Nf6 4. Nf3 O-O 5. O-O d6 6. d4 c5 7. Nc3 cxd4 8. Nxd4
Nbd7 9. h3 a5 10. e4 Nc5 11. b3 Bd7 12. Be3 Qc8 13. Kh2 Rd8 14. Rc1 e5 15. Nde2
Bc6 16. Qc2 Ne6 17. Bb6 Rd7 18. Rfd1 Nc5 19. Nd5 Bxd5 20. cxd5 Ra6 21. Bxc5 Rc7
22. Qd3 Rxc5 23. Rxc5 Qxc5 24. f4 exf4 25. gxf4 Nd7 26. Rc1 Qf2 27. Rc8+ Nf8
28. e5 dxe5 29. d6 e4 30. Qd5 Rxd6 31. Qxd6 Qxe2 32. Qe7 Qxa2 33. Rc7 Qxb3 34.
Rxb7 Qa2 35. Qxe4 a4 36. Qd5 Qxd5 37. Bxd5 a3 38. Ra7 Bb2 39. Rxf7 h6 40. Kg3
Nh7 41. Kf3 Kh8 42. Ra7 Nf6 43. Ba2 g5 44. fxg5 hxg5 45. Be6 Bc1 46. Rc7 Bb2
47. Ba2 Be5 48. Ra7 Bb2 49. Rf7 Be5 50. Ke2 Ne4 51. Rf3 Nc3+ 52. Rxc3 1/2-1/2